000 00361 a2200145 4500
001 170507
020 _a
040 _cMagnum
100 _aColegio Magnum Agostiniano - 2ยช Series
240 1 0 _aMadre paulina: a primeira santa brasileira
_lpor
245 1 0 _aMadre paulina: a primeira santa brasileira
362 0 _a1899
697 _aRELIGIAO
942 _cBK
999 _c170507
_d170507